Plats avec du Piment - Mort Subite - Statistiques

Statistiques générales
  • Ce quiz a été pris 100 fois
  • Le résultat moyen est 5 sur 16
Answers on the Grid
Answers color-coded by a green-red scale on the quiz's grid according to % correct below.
Pikliz
Fondue sichuanaise
Bibimbap
Tom yum
Dak-galbi
Ailes de poulet Buffalo
Kimchi-jjigae
Œufs à la cardinal
Poulet piri-piri / Poulet peri-peri
Jalapeños farcis
Menudo mexicain
Penne all'arrabbiata
Enchiladas verdes
Crevettes sambal / Udang balado
Lablabi
Pad kaprao / Pad kaprow
Pâté chinois
Cacio e pepe
Tonkatsu
Œufs Orsini / Œufs nuage
Fufu
Gyeran-jjim
Salade caprese
Gratin dauphinois
Croque-monsieur
Rigatoni au pesto
Sopa paraguaya
Chipa guasu
 
Statistiques - réponses
Réponse % Correct
Poulet piri-piri / Poulet peri-peri
63%
Jalapeños farcis
62%
Menudo mexicain
47%
Ailes de poulet Buffalo
44%
Enchiladas verdes
43%
Penne all'arrabbiata
42%
Kimchi-jjigae
41%
Crevettes sambal / Udang balado
37%
Fondue sichuanaise
26%
Bibimbap
25%
Pad kaprao / Pad kaprow
19%
Pikliz
19%
Tom yum
17%
Dak-galbi
15%
Lablabi
9%
Œufs à la cardinal
4%
Aucun quiz correspondant
Distribution des résultats
% des personnes avec chaque résultat
Percentile par nombre de réponses
Votre historique - résultats
Vous n’avez pas pris ce quiz